Great expectations. (Record no. 174595)
[ view plain ]
| 000 -LEADER | |
|---|---|
| fixed length control field | 00784cam a2200277K 4500 |
| 001 - CONTROL NUMBER | |
| control field | 7479966 |
| 003 - CONTROL NUMBER IDENTIFIER | |
| control field | Nust |
| 005 - DATE AND TIME OF LATEST TRANSACTION | |
| control field | 20170202115833.0 |
| 008 - FIXED-LENGTH DATA ELEMENTS--GENERAL INFORMATION | |
| fixed length control field | 090619s1861 gw 000 0 eng d |
| 020 ## - INTERNATIONAL STANDARD BOOK NUMBER | |
| International Standard Book Number | 9780141023533 (pbk) |
| 035 ## - SYSTEM CONTROL NUMBER | |
| System control number | (OCoLC)476857143 |
| 035 ## - SYSTEM CONTROL NUMBER | |
| System control number | (OCoLC)ocn476857143 |
| 035 ## - SYSTEM CONTROL NUMBER | |
| System control number | (UtOrBLW)bslw05619856 |
| 035 ## - SYSTEM CONTROL NUMBER | |
| System control number | (NNC)7479966 |
| 040 ## - CATALOGING SOURCE | |
| Original cataloging agency | NNC-RB |
| Transcribing agency | UtOrBLW |
| 082 ## - DEWEY DECIMAL CLASSIFICATION NUMBER | |
| Classification number | 823 |
| Author Mark | DIC |
| 100 1# - MAIN ENTRY--PERSONAL NAME | |
| Personal name | Dickens, Charles, |
| Dates associated with a name | 1812-1870. |
| 245 10 - TITLE STATEMENT | |
| Title | Great expectations. |
| Statement of responsibility, etc. | By Charles Dickens. |
| 250 ## - EDITION STATEMENT | |
| Edition statement | Copyright ed. ... |
| 260 ## - PUBLICATION, DISTRIBUTION, ETC. | |
| Place of publication, distribution, etc. | Leipzig, |
| Name of publisher, distributor, etc. | B. Tauchnitz, |
| Date of publication, distribution, etc. | 1861. |
| 300 ## - PHYSICAL DESCRIPTION | |
| Extent | 555 p. |
| Dimensions | 16 cm. |
| 490 1# - SERIES STATEMENT | |
| Series statement | Collection of British authors ; |
| Volume/sequential designation | v. 1 |
| 830 #0 - SERIES ADDED ENTRY--UNIFORM TITLE | |
| Uniform title | Collection of British authors ; |
| Volume/sequential designation | v. 547-548. |
| 942 ## - ADDED ENTRY ELEMENTS (KOHA) | |
| Source of classification or shelving scheme | |
| Koha item type | Book |
| Withdrawn status | Lost status | Source of classification or shelving scheme | Materials specified (bound volume or other part) | Damaged status | Not for loan | Collection code | Permanent Location | Current Location | Shelving location | Date acquired | Total Checkouts | Full call number | Barcode | Checked out | Date last seen | Date last checked out | Copy number | Price effective from | Koha item type |
|---|---|---|---|---|---|---|---|---|---|---|---|---|---|---|---|---|---|---|---|
| vol. 1 | Central Library (CL) | Central Library (CL) | Fiction | 02/02/2017 | 1 | 823 DIC | CL844 | 12/19/2018 | 11/19/2018 | 11/19/2018 | 1 | 02/02/2017 | Book |
